092_ Personnalités nées un 2 avril par images - Statistiques

Statistiques générales
  • Ce quiz a été pris 31 fois
  • Le résultat moyen est 4 sur 9
Statistiques - réponses
Par images Hint Réponse % Correct
Chanteur Serge Gainsbourg
97%
Rappeur Ninho
68%
Acteur Pedro Pascal
65%
Écrivain Émile Zola
58%
Dirigeant Politique Charlemagne
42%
Animatrice Marie-Ange Nardi
39%
Politicien Léon Gambetta
13%
Acteur Alec Guinness
3%
Écrivain Hans Christian Andersen
0%
Aucun quiz correspondant
Distribution des résultats
% des personnes avec chaque résultat
Percentile par nombre de réponses
Votre historique - résultats
Vous n’avez pas pris ce quiz